00579nam a2200229Ia 4500003000900000008004100009040001300050040001300063041000800076100001800084245007900102250002300181260002100204260000900225300001100234300001000245490003600255490000700291700002300298700001000321700001800331IT-RoPAU120407s9999 xx 000 0 und d aIT-RoPAU cIT-RoPAU aita aMario Danieli aLa coppia, amore e progettualità. Per una educazione all’affettività aCinisello Balsamo  aEdizioni Paoline c1993 a132 p. c25 cm aProblemi attuali della famiglia v11 aRosanna Carmagnani ccoll. aMario Danieli